[Event "Budapest FS04 IM"]
[Site "Budapest"]
[Date "1997.??.??"]
[Round "1"]
[White "Farago, Sandor"]
[Black "Grabics, Monika"]
[Result "1-0"]
[WhiteElo "2250"]
[BlackElo "2255"]

1.e4 c5 2.Nf3 Nc6 3.Nc3 d6 4.d4 cxd4 5.Nxd4 Nf6 6.Bc4 e6 7.Bb3 a6 8.Be3 Na5
9.Qe2 Qc7 10.g4 b5 11.g5 Nd7 12.f4 b4 13.Nd1 Bb7 14.Nf2 Nc5 15.Bd2 d5 16.exd5 Naxb3
17.axb3 Bxd5 18.Rg1 Bd6 19.Nf5 Bxf4 20.Nxg7+ Kf8 21.Bxf4 Qxf4 22.Nh5 Qd4
23.Rd1 Qxb2 24.Rg3 a5 25.Nf6 a4 26.bxa4 Nxa4 27.N2e4 Bxe4 28.Qxe4 Rc8 29.Rb3 Nc3
30.Qxb4+  1-0

[Event "Budapest FS02 IM"]
[Site "Budapest"]
[Date "1997.??.??"]
[Round "1"]
[White "Caposciutti, Maurizio"]
[Black "Pinski, Jan"]
[Result "0-1"]
[WhiteElo "2300"]
[BlackElo "2245"]

1.e4 c5 2.Nf3 Nc6 3.Nc3 e5 4.Bc4 d6 5.d3 Be7 6.h3 Nf6 7.Nd5 Nxd5 8.Bxd5 O-O
9.c3 Be6 10.Be3 Bxd5 11.exd5 Nb8 12.g4 Nd7 13.Nd2 Bg5 14.Ne4 Bxe3 15.fxe3 c4
16.dxc4 f5 17.Nxd6 Qf6 18.Nxf5 g6 19.O-O gxf5 20.Rxf5 Qh6 21.Qf3 Rxf5 22.gxf5 Kf7
23.Rf1 e4 24.Qxe4 Re8 25.Qf4 Qxh3 26.Kf2 Ne5 27.Ke2 Kf6 28.d6 Rg8 29.d7 Qh5+
30.Kd2 Rd8 31.Kc2 Rxd7 32.Kb3 Qg5 33.Qe4 Qg4 34.Rf4 Qd1+ 35.Ka3 Qd6+ 36.Kb3 Nd3
37.Qe6+ Qxe6 38.fxe6+ Kxe6 39.Rh4 Kf5 40.Kc2 Ne5 41.b4 Kg5 42.Re4 Ng4 43.c5 h5
44.Re8 Nf6 45.Rh8 h4 46.b5 Rc7 47.b6 axb6 48.cxb6 Rh7  0-1

[Event "Budapest FS12 IM-A"]
[Site "Budapest"]
[Date "1997.??.??"]
[Round "1"]
[White "Colovic, Aleksandar"]
[Black "Zalkind, Karmi"]
[Result "1/2-1/2"]
[WhiteElo "2360"]
[BlackElo "2315"]

1.e4 c5 2.Nf3 Nc6 3.Nc3 e6 4.d4 Nxd4 5.Nxd4 Qc7 6.Be3 a6 7.Nc6 bxc6 8.Bd3 Nf6
9.O-O Be7 10.f4 d6 11.Na4 e5 12.c4 Bb7 13.Nc3 O-O 14.Qf3 Rad8 15.Rad1 Rfe8
16.Qh3 h6 17.f5 Qc8 18.Qg3 Kh8  1/2-1/2

[Event "Honved-B"]
[Site "Budapest"]
[Date "1997.??.??"]
[Round "4"]
[White "Varga, Zoltan"]
[Black "Wells, Peter K"]
[Result "1/2-1/2"]
[WhiteElo "2455"]
[BlackElo "2495"]

1.e4 c5 2.Nf3 Nc6 3.Nc3 d6 4.d4 cxd4 5.Nxd4 Nf6 6.f3 e5 7.Nb3 Be7 8.Be3 Be6
9.Nd5 Bxd5 10.exd5 Nb8 11.Qd2 O-O 12.Be2 a5 13.a4 Nfd7 14.O-O h6 15.Bb5 Bg5
16.f4 exf4 17.Bxf4 Ne5 18.Bxg5 hxg5 19.Rf5 g4 20.Raf1 Nbd7 21.Kh1 g6 22.R5f4 Kg7
23.Bxd7 Qxd7 24.Nxa5 Rfc8 25.b3 f5 26.Nc4 Nxc4 27.bxc4 Rxa4 28.Qc3+ Kh7 29.h3 Qg7
30.Qb3 Ra1 31.hxg4 Qh6+ 32.Qh3 Rxf1+ 33.Rxf1 Qxh3+ 34.gxh3 fxg4 35.hxg4 Rxc4
36.Rf6 Rxg4  1/2-1/2

[Event "Budapest FS12 IM-A"]
[Site "Budapest"]
[Date "1997.??.??"]
[Round "5"]
[White "Colovic, Aleksandar"]
[Black "Hera, Imre Jr"]
[Result "1/2-1/2"]
[WhiteElo "2360"]
[BlackElo "2245"]

1.e4 c5 2.Nf3 Nc6 3.Nc3 e5 4.Bc4 Be7 5.d3 Nf6 6.Nd2 O-O 7.Nf1 a6 8.a4 Rb8
9.Ne3 Nd4 10.Ncd5 b5 11.axb5 axb5 12.Ba2 Nxd5 13.Nxd5 Bg5 14.c3 Bxc1 15.Rxc1 Ne6
16.O-O d6 17.Ne3 b4 18.g3 Ng5 19.h4 Ne6 20.Bc4 Kh8 21.Ra1 bxc3 22.bxc3 g6
23.Qf3 f5 24.exf5 gxf5 25.Ra7 Ng7 26.Rfa1 f4 27.Ng2 fxg3 28.Qxg3 Nf5 29.Qg5 d5
30.Qxd8 Rxd8 31.Ba6 Rg8 32.Bxc8 Rbxc8 33.Kf1 c4 34.Rf7 Nd6 35.Rd7 Rgd8 36.Raa7 Rxd7
37.Rxd7 Rc6 38.dxc4 dxc4 39.Ne3 Ne4 40.Nd5 Rd6 41.Rxd6 Nxd6 42.f4  1/2-1/2

[Event "Budapest FS03 IM-A"]
[Site "Budapest"]
[Date "1997.??.??"]
[Round "6"]
[White "Czebe, Attila"]
[Black "Pinski, Jan"]
[Result "0-1"]
[WhiteElo "2325"]
[BlackElo "2245"]

1.e4 c5 2.Nf3 Nc6 3.Nc3 e5 4.Bc4 d6 5.O-O Be7 6.d3 Nf6 7.Ng5 O-O 8.f4 exf4
9.Bxf4 h6 10.Nf3 Be6 11.Qe1 Qd7 12.Nd5 Bxd5 13.exd5 Nb4 14.Qd2 Nbxd5 15.Bxh6 gxh6
16.Qxh6 Ng4 17.Qh3 Nf4  0-1

[Event "Spring op"]
[Site "Budapest"]
[Date "1997.??.??"]
[Round "6"]
[White "Huberty, Marc"]
[Black "Pachow, Joerg"]
[Result "1/2-1/2"]
[WhiteElo "2185"]
[BlackElo "2345"]

1.e4 c5 2.Nc3 Nc6 3.Nge2 g6 4.d4 cxd4 5.Nxd4 Bg7 6.Be3 Nf6 7.Bc4 O-O 8.Bb3 d6
9.f3 Na5 10.Qd2 Nd7 11.Bh6 Nb6 12.Bxg7 Kxg7 13.O-O-O e5 14.Ndb5 Nbc4 15.Qe2 Be6
16.Nd5 Rc8 17.Kb1 a6 18.Nbc3 b5 19.h4 h6 20.f4 exf4 21.Nxf4 Qf6 22.Rdf1 Qe5
23.Nd3 Qd4 24.Qf2 Nxb3 25.axb3 Qxf2 26.Rxf2 Ne5 27.Rd2  1/2-1/2

[Event "Budapest FS06 IM"]
[Site "Budapest"]
[Date "1997.??.??"]
[Round "6"]
[White "Schlusnik, Nandor"]
[Black "Erdei, Andras"]
[Result "1-0"]
[WhiteElo "2225"]
[BlackElo "2210"]

1.Nc3 c5 2.e4 Nc6 3.Nf3 e5 4.Bc4 g6 5.d3 Bg7 6.Ng5 Nh6 7.f4 f6 8.Nf3 d6 9.f5 Ng8
10.O-O Nge7 11.Ng5 d5 12.exd5 Nxf5 13.dxc6 fxg5 14.cxb7 Qd4+ 15.Kh1 Bxb7
16.Rxf5 gxf5 17.Qh5+ Kd7 18.Qf7+ Kc8 19.Bd5 Qb4 20.Qe6+ Kc7 21.Qe7+  1-0

[Event "Spring op"]
[Site "Budapest"]
[Date "1997.??.??"]
[Round "8"]
[White "Huberty, Marc"]
[Black "Berezin, Oleg"]
[Result "1/2-1/2"]
[WhiteElo "2185"]
[BlackElo "2445"]

1.e4 c5 2.Nc3 Nc6 3.Nge2 g6 4.d4 cxd4 5.Nxd4 Bg7 6.Be3 d6 7.Qd2 Nf6 8.f3 O-O
9.g4 e5 10.Nb3 Be6 11.O-O-O a5 12.Bb5 Bxb3 13.Bxc6 bxc6 14.cxb3 Ne8 15.h4 f5
16.h5 f4 17.Bf2 g5 18.Kb1 Rf7 19.Na4 Rb7 20.Rc1 Qc7 21.Rc2 c5 22.Rd1 Qf7
23.Qd5 Qxd5 24.Rxd5 Bf6 25.Rd3 Kf7 26.Rc4 Be7 27.Nc3 Nc7 28.Nd5 Nxd5  1/2-1/2

[Event "Spring op"]
[Site "Budapest"]
[Date "1997.??.??"]
[Round "9"]
[White "Huberty, Marc"]
[Black "Gladischev, Oleg"]
[Result "1/2-1/2"]
[WhiteElo "2185"]
[BlackElo "2335"]

1.e4 c5 2.Nc3 Nc6 3.Nge2 e6 4.g3 Nf6 5.Bg2 d5 6.exd5 exd5 7.d3 d4 8.Ne4 Be7
9.Nxf6+ Bxf6 10.O-O O-O 11.Nf4 Be5 12.Re1 Qd6 13.a3 Bd7 14.Qf3 Rae8 15.Bd2 Nd8
16.Qd5 Bc6 17.Qxd6 Bxd6 18.Kf1 Bxg2+ 19.Nxg2 Ne6 20.a4 f5 21.Re2 Nc7 22.Rxe8 Rxe8
23.Re1 Rf8 24.Bf4 Bxf4 25.Nxf4 g5 26.Ne6 Nxe6 27.Rxe6 Kg7 28.Re5 b6 29.Re7+ Rf7
30.Rxf7+ Kxf7 31.f4 g4 32.Ke2 Ke6 33.Kd2 Kd5 34.b3 Kc6 35.Kc1 Kd6 36.Kb2 Kd5
37.Kc1 Kc6  1/2-1/2

[Event "Goodricke op"]
[Site "Calcutta"]
[Date "1997.??.??"]
[Round "3"]
[White "Iuldachev, Saidali"]
[Black "Konguveel, Ponnuswamy"]
[Result "1/2-1/2"]
[WhiteElo "2555"]
[BlackElo "2425"]

1.e4 c5 2.Nc3 Nc6 3.Nf3 g6 4.d4 cxd4 5.Nxd4 Bg7 6.Be3 Nf6 7.Bc4 O-O 8.O-O Nxe4
9.Bxf7+ Rxf7 10.Nxe4 d5 11.Ng5 Rf6 12.f4 e5 13.Nxc6 bxc6 14.fxe5 Rf5 15.Nf3 Bxe5
16.Nxe5 Rxe5 17.Bh6 Qb6+ 18.Kh1 Ba6 19.Re1 Qxb2 20.Qd2 Rae8 21.h3 Re2 22.Qa5 Bc8
23.Rxe2 Qxa1+ 24.Kh2 Rxe2 25.Qd8+ Kf7 26.Qf8+ Ke6 27.Qxc8+ Ke7 28.Qc7+ Ke6
29.Qxc6+ Kf7 30.Qxd5+ Re6 31.Bf4 Qf6 32.Bg3 Qf5 33.Qb7+ Re7 34.Qb3+ Re6 35.c4 Qc5
36.Qb7+ Re7 37.Qf3+ Ke8 38.Qa8+ Kd7 39.Qb8 Qxc4 40.Qxa7+ Ke8 41.Qb8+ Kd7
42.Qa7+ Ke8 43.Qa8+ Kd7 44.a4 h5 45.Qa7+ Ke8 46.Qb6 Re6 47.Qb8+ Kd7 48.a5 h4
49.Bf4 Qc6 50.Qb2 Qd5 51.Qg7+ Ke8 52.Qg8+ Ke7 53.a6 Qf5 54.Qh7+ Ke8 55.Qg8+ Ke7
56.Qb8 Rxa6 57.Qb7+ Ke8  1/2-1/2

[Event "Goodricke op"]
[Site "Calcutta"]
[Date "1997.??.??"]
[Round "10"]
[White "Malisauskas, Vidmantas"]
[Black "Nguyen Anh Dung"]
[Result "1-0"]
[WhiteElo "2530"]
[BlackElo "2465"]

1.e4 c5 2.Nc3 Nc6 3.Nge2 g6 4.d4 cxd4 5.Nxd4 Bg7 6.Be3 Nf6 7.Bc4 O-O 8.Bb3 d6
9.f3 Bd7 10.Qd2 Ne5 11.Bh6 Rc8 12.h4 Nc4 13.Bxc4 Rxc4 14.Bxg7 Kxg7 15.h5 Qa5
16.hxg6 fxg6 17.O-O-O Rfc8 18.Nb3 Qa6 19.g4 Be6 20.Qh6+ Kf7 21.g5 Nh5 22.Qxh7+ Ng7
23.Rh6 Rxc3 24.bxc3 Rxc3 25.Qxg6+ Kf8 26.Rh8+ Bg8 27.e5 Qxa2 28.Rxd6  1-0

[Event "California-ch"]
[Site "California"]
[Date "1997.??.??"]
[Round "?"]
[White "Margulis, Isaak"]
[Black "Wolski, Thomas"]
[Result "0-1"]
[WhiteElo "2270"]
[BlackElo "2320"]

1.e4 c5 2.Nc3 Nc6 3.Nf3 d6 4.d4 cxd4 5.Nxd4 Nf6 6.Bg5 e6 7.Qd2 a6 8.O-O-O h6
9.Bh4 Nxe4 10.Qf4 Ng5 11.Nxc6 bxc6 12.Qa4 Qc7 13.f4 Nh7 14.Bd3 Nf6 15.Rhe1 Bd7
16.Bxf6 gxf6 17.f5 e5 18.Qh4 Be7 19.Qg4 d5 20.Qg7 Rf8 21.Qxh6 Qa5 22.Qd2 Rb8
23.g4 Rxb2 24.Kxb2 Ba3+ 25.Ka1 Bb4 26.Nb1 Bxd2 27.Rxd2 Ke7 28.Red1 Rb8 29.c4 d4
30.Re2 Rg8 31.h3 c5 32.Be4 Ba4 33.Rg1 Bb3 34.Bd5 Qa4 35.Rb2 Bxc4 36.Rb7+ Kd6
37.Bxc4 Qxc4 38.Rb6+ Kc7 39.Rxf6 Rb8 40.g5 Qc2 41.Rxf7+ Kc6 42.Rf6+ Kd5  0-1

[Event "Calimanesti op"]
[Site "Calimanesti"]
[Date "1997.??.??"]
[Round "?"]
[White "Florescu, Codrut"]
[Black "Spulber, Cicerone"]
[Result "1/2-1/2"]
[WhiteElo "2300"]
[BlackElo "2345"]

1.e4 c5 2.Nc3 Nc6 3.Nge2 g6 4.g3 Bg7 5.Bg2 d6 6.O-O Nf6 7.d3 O-O 8.h3 Rb8
9.Be3 b5 10.Qd2 b4 11.Nd1 Nd7 12.a3 a5 13.axb4 axb4 14.Bh6 Nd4 15.Bxg7 Nxe2+
16.Qxe2 Kxg7 17.f4 Bb7 18.Ne3 Ra8 19.Rab1 Ra2 20.b3 Qb6 21.Kh2 Qc7 22.Qf2 f6
23.Rbe1 e5 24.h4 Nb6 25.Re2 Bc8 26.g4 exf4 27.Qxf4 Qe7 28.Ref2 Nd7 29.Bh3 Ra8
30.Nd5 Qe5 31.Qxe5 fxe5 32.Nc7 Rxf2+ 33.Rxf2 Ra7 34.Ne8+ Kg8 35.Nxd6 Nb6
36.Nxc8 Nxc8 37.g5 Nd6 38.Rf6 Nb5 39.Rc6 Nd4 40.Rxc5 Ra2 41.Kg3 Rxc2 42.Be6+ Kf8
43.Bc4 Nxb3 44.Rxe5 Nd2 45.Rb5 Nxc4 46.dxc4 Rxc4 47.Kf4 Rc1 48.Rxb4 Rh1 49.Kg3 Rg1+
50.Kf3 Rf1+ 51.Kg3 Re1 52.Kf2 Rh1 53.e5 Rh2+ 54.Kg3 Rc2 55.Kf4 Re2 56.Rb3 Kf7
57.Rb7+ Kg8 58.Ra7 Re1 59.Ra3 Kf7 60.Re3 Rf1+ 61.Kg3 Rf5 62.Rf3  1/2-1/2

[Event "Cannes op-B 18th"]
[Site "Cannes"]
[Date "1997.??.??"]
[Round "5"]
[White "Doghri, Nabil"]
[Black "Afek, Yochanan"]
[Result "1/2-1/2"]
[WhiteElo "2305"]
[BlackElo "2345"]

1.e4 c5 2.Nf3 Nc6 3.Nc3 g6 4.d4 cxd4 5.Nxd4 Bg7 6.Be3 Nf6 7.Be2 O-O 8.O-O d5
9.Nxc6 bxc6 10.exd5 Nxd5 11.Nxd5 cxd5 12.Bf3 e6 13.Bd4 a5 14.Re1 Ba6 15.b3 Rb8
16.Rc1 Qh4 17.Bxg7 Kxg7 18.c4 dxc4 19.Qd6 Bb7 20.Qe5+ Qf6 21.Bxb7 Rxb7 22.Rxc4 Ra8
23.Ra4 Rd7 24.g3 Rd5 25.Qxf6+ Kxf6 26.Rc1 Rb8 27.Rf4+ Rf5 28.Rxf5+ gxf5 29.Rc5 a4
30.bxa4 Rb2 31.Rc7 Rxa2 32.Ra7 e5 33.a5 e4 34.a6 h5 35.h4 Ra1+ 36.Kg2 Ra2
37.Kf1 Ra1+ 38.Ke2 Ra2+ 39.Kf1 Ra1+ 40.Kg2 Ra2 41.Kf1 Kg6 42.Ra8 f4 43.Rg8+ Kh7
44.Re8 fxg3  1/2-1/2

[Event "Wch U14"]
[Site "Cannes"]
[Date "1997.??.??"]
[Round "7"]
[White "Ermekov, Almas"]
[Black "Sargissian, Gabriel"]
[Result "1/2-1/2"]
[WhiteElo "2135"]
[BlackElo "2335"]

1.e4 c5 2.Nf3 Nc6 3.Nc3 d6 4.d4 cxd4 5.Nxd4 Nf6 6.Bc4 e6 7.Be3 Be7 8.Qe2 O-O
9.O-O-O a6 10.Rhg1 Qc7 11.Bb3 b5 12.f3 b4 13.Na4 Nxd4 14.Bxd4 e5 15.Be3 Be6
16.g4 Nd7 17.g5 Bxb3 18.axb3 Nc5 19.Nxc5 dxc5 20.Rd5 Rfd8 21.Rgd1 a5 22.Qc4 Rxd5
23.Rxd5 Rd8 24.h4 Rxd5 25.Qxd5 g6 26.Kd2 Bd6 27.Bf2 Kg7 28.Kd3 h6 29.Be3 hxg5
30.hxg5 Qb6 31.Kd2 Kf8 32.Bf2 Ke7 33.f4 Ke8 34.f5 gxf5 35.exf5 Qd8 36.Be3 c4
37.bxc4 a4 38.g6 fxg6 39.fxg6 Be7 40.Kd3 Qxd5+ 41.cxd5 Kf8 42.Bh6+ Kg8 43.Ke4 a3
44.bxa3 bxa3 45.Bc1 a2 46.Bb2 Bf8 47.Kf5 Bd6 48.Ba1 Bf8 49.Ke4 Bd6  1/2-1/2

[Event "Wch U14 Girls"]
[Site "Cannes"]
[Date "1997.??.??"]
[Round "8"]
[White "Gara, Ticia"]
[Black "Dembo, Yelena"]
[Result "1/2-1/2"]
[WhiteElo "2075"]
[BlackElo "2110"]

1.e4 c5 2.Nf3 Nc6 3.Nc3 d6 4.d4 cxd4 5.Nxd4 Nf6 6.Bc4 e6 7.Bb3 Be7 8.Be3 O-O
9.f4 a6 10.Qf3 Qc7 11.O-O-O Nxd4 12.Rxd4 Bd7 13.f5 b5 14.g4 a5 15.g5 a4 16.gxf6 Bxf6
17.Rg1 axb3 18.axb3 Kh8 19.Qg2 Rg8 20.Rd3 b4 21.Nb1 Bb5 22.Rd2 Ra1 23.Bd4 e5
24.Be3 Qa5 25.Rd5 Qa2 26.Rxb5 Rxb1+ 27.Kd2 Rxb2 28.Kd1 Rc8  1/2-1/2

[Event "Cannes op 18th"]
[Site "Cannes"]
[Date "1997.??.??"]
[Round "9"]
[White "Zelcic, Robert"]
[Black "Hamdouchi, Hichem"]
[Result "1-0"]
[WhiteElo "2455"]
[BlackElo "2520"]

1.e4 c5 2.Nf3 Nc6 3.Nc3 Nf6 4.e5 Ng4 5.Qe2 d6 6.exd6 e6 7.Qc4 Nf6 8.d4 cxd4
9.Nxd4 Nxd4 10.Qxd4 Qxd6 11.Qh4 a6 12.Bd3 Be7 13.O-O Bd7 14.a3 Bc6 15.Bg5 h6
16.Rad1 Qe5 17.Bf4 Qa5 18.Qh3 O-O 19.Rfe1 Rfd8 20.Re5 Qb6 21.Qg3 Kf8 22.b4 Rac8
23.Ra5 Ne4 24.Nxe4 Bxe4 25.Be3 Qd6 26.Qg4 Bxd3 27.Rxd3 Qc6 28.Rxd8+ Rxd8
29.Qe2 Qc3 30.g3 Rc8 31.Qf3 Rc7 32.Kg2 Rd7 33.Rc5 Qb2 34.Rc8+ Rd8 35.Qxb7 f5
36.Bc5  1-0

[Event "Cappelle op"]
[Site "Cappelle la Grande"]
[Date "1997.??.??"]
[Round "2"]
[White "Bielczyk, Jacek"]
[Black "Ikonnikov, Vyacheslav"]
[Result "1/2-1/2"]
[WhiteElo "2365"]
[BlackElo "2540"]

1.e4 c5 2.Nf3 Nc6 3.Nc3 Nd4 4.Bc4 e6 5.O-O Ne7 6.Nxd4 cxd4 7.Ne2 Nc6 8.c3 Bc5
9.b4 Bb6 10.Nxd4 Nxd4 11.cxd4 Bxd4 12.Rb1 b6 13.Bb2 Qf6 14.Bxd4 Qxd4 15.Qe2 Bb7
16.Rfe1 O-O 17.Qd3 Qxd3 18.Bxd3 Rfc8 19.Rec1 Kf8 20.f4 Ke7 21.Kf2 h6 22.Rxc8 Rxc8
23.Rb3 g5 24.g3 gxf4 25.gxf4 Rg8 26.Ra3 a6 27.Be2 f6 28.Rg3 Rxg3 29.hxg3 a5
30.bxa5 bxa5 31.Ke3 e5 32.d4 d6 33.a3 Kf7 34.Bc4+ Kg6 35.Be6 Ba6 36.Bd7 Bc4
37.Be8+ Kg7 38.Bd7 Kf7 39.Bg4 Ke7 40.Bd1 Ba2 41.Be2 Kd7 42.Bb5+ Ke6 43.Ba6 d5
44.exd5+ Bxd5 45.dxe5 fxe5 46.Bc8+ Kd6 47.fxe5+ Kxe5 48.Ba6 Be6 49.Bb7 Bd5
50.Ba6 Be4 51.Bc4 Bd5 52.Ba6  1/2-1/2

[Event "WLS-ch"]
[Site "Cardiff"]
[Date "1997.??.??"]
[Round "4"]
[White "Zeidler, Sven P"]
[Black "Cummings, David H"]
[Result "0-1"]
[WhiteElo "2255"]
[BlackElo "2375"]

1.e4 c5 2.Nc3 Nc6 3.Bb5 Nd4 4.Bc4 g6 5.Nge2 Bg7 6.d3 e6 7.O-O Ne7 8.Nxd4 cxd4
9.Ne2 O-O 10.Bd2 d5 11.Bb3 a5 12.c3 dxe4 13.dxe4 d3 14.Nc1 b5 15.a3 Nc6 16.Be3 Ba6
17.Qxd3 b4 18.Bc4 Qxd3 19.Bxd3 bxc3 20.bxc3 Bxc3 21.Rb1 Bd4 22.Bxd4 Nxd4
23.Rd1 Rfd8 24.a4 Bxd3 25.Rxd3 Ne2+ 26.Kf1 Nxc1 27.Rxd8+ Rxd8 28.Rxc1 Rd4
29.f3 Rxa4 30.Kf2 Ra2+ 31.Kg3 a4 32.Rc7 a3 33.Ra7 g5 34.Kh3 Kg7 35.e5 Kg6
36.g4 Ra1 37.Kg2 a2 38.Ra6 h5 39.Ra8 h4 40.h3 Kg7 41.Kh2 Rf1 42.Rxa2 Rxf3
43.Kg2 Rg3+ 44.Kh2 Re3 45.Ra5 Re2+ 46.Kg1 f6 47.exf6+ Kxf6 48.Rb5 Re5 49.Rb8 Re3
50.Kg2 Rg3+ 51.Kh2 Rd3 52.Kg2 Rd2+ 53.Kg1 Ke5 54.Rb5+ Rd5 55.Rb6 Rd6 56.Rb5+ Kf4
57.Rb4+ Ke3 58.Rb5 Rd5 59.Rb3+ Rd3 60.Rb6 Kf3 61.Kh2 Re3 62.Rb8 Re2+ 63.Kg1 e5
64.Kf1 Re4 65.Kg1 Re3 66.Kh2 Re2+ 67.Kg1 e4 68.Rb5 Kg3 69.Kf1 Rf2+ 70.Kg1 e3
71.Rb3 Kf3 72.Ra3 Rd2 73.Rb3 Rd1+ 74.Kh2 Kf2 75.Rc3 Rd2 76.Kh1 e2  0-1

[Event "Ceriano Laghetto op"]
[Site "Ceriano Laghetto"]
[Date "1997.??.??"]
[Round "3"]
[White "Sgnaolin, Davide"]
[Black "Barlocco, Carlo"]
[Result "1/2-1/2"]
[WhiteElo "2065"]
[BlackElo "2150"]

1.e4 c5 2.Nf3 Nc6 3.Nc3 Nf6 4.d4 cxd4 5.Nxd4 d6 6.h3 e5 7.Nde2 Be7 8.g3 Be6
9.Bg2 O-O 10.O-O Rc8 11.Nd5 Bxd5 12.exd5 Nb4 13.c3 Na6 14.g4 Re8 15.Ng3 Bf8
16.Ne4 Nxe4 17.Bxe4 Nc5 18.Qc2 Nxe4 19.Qxe4 Qc7 20.Be3 a6 21.Rfc1 Qc4 22.Qxc4 Rxc4
23.b3 Rcc8 24.Bb6 g6 25.c4 f5 26.Re1 e4 27.Re2 Bg7 28.Rd1 Kf7 29.Kg2 Bc3
30.Re3 Bb4 31.f3 exf3+ 32.Kxf3 Rxe3+ 33.Bxe3 fxg4+ 34.Kxg4 Re8 35.Rf1+ Kg7
36.Bd4+ Kg8 37.Kf3 Rf8+ 38.Ke2 Rxf1 39.Kxf1 Kf7 40.Ke2 g5 41.Kf3 Kg6 42.Bb2 Kf5
43.a3 Bd2 44.b4 h5 45.c5 dxc5 46.bxc5 g4+ 47.hxg4+ hxg4+ 48.Kg2 Be3 49.c6 bxc6
50.dxc6 Bf4 51.Bc3 Bc7 52.Be1 Ke6 53.Bg3 Bb6 54.Bb8 a5 55.a4 Bc5 56.Kg3 Bd6+
57.Bxd6 Kxd6 58.Kxg4 Kxc6 59.Kf3  1/2-1/2

[Event "Ceske Budejovice op"]
[Site "Ceske Budejovice"]
[Date "1997.??.??"]
[Round "4"]
[White "Maskova, Jana"]
[Black "Slugin, Sergey"]
[Result "0-1"]
[WhiteElo "2230"]
[BlackElo "2305"]

1.e4 c5 2.Nc3 Nc6 3.Nge2 g6 4.d4 cxd4 5.Nxd4 Bg7 6.Be3 d6 7.Be2 Nf6 8.Nb3 Be6
9.f4 Na5 10.g4 Rc8 11.g5 Nd7 12.Bd4 f6 13.h4 Bc4 14.h5 Bxe2 15.Qxe2 e5 16.Bf2 fxg5
17.hxg6 Nxb3 18.axb3 exf4 19.Nd5 hxg6 20.Rxh8+ Bxh8 21.Qg4 Kf7 22.O-O-O Ne5
23.Qh3 Bg7 24.Bd4 Qh8 25.Qg2 Qd8 26.Bc3 a5 27.Qe2 Rc5 28.Bd4 Rxd5 29.exd5 Qd7
30.Rg1 f3 31.Qd2 g4 32.Be3 a4 33.Bh6 axb3 34.Bxg7 Kxg7 35.Rh1 Nf7 36.Qd4+ Kg8
37.cxb3 Qf5 38.Rf1 g3 39.Re1 Ne5  0-1

[Event "Cherepovets"]
[Site "Cherepovets"]
[Date "1997.??.??"]
[Round "4"]
[White "Kovalev, Andrei"]
[Black "Panikarovsky, A."]
[Result "1-0"]
[WhiteElo "2405"]
[BlackElo "2335"]

1.e4 c5 2.Nf3 Nc6 3.Nc3 e5 4.Bc4 Be7 5.d3 d6 6.h4 Nf6 7.Ng5 O-O 8.a3 h6 9.Be3 hxg5
10.hxg5 Ng4 11.g6 Nxe3 12.Rh8+  1-0

[Event "Capablanca 32th Premier-A"]
[Site "Cienfuegos"]
[Date "1997.??.??"]
[Round "1"]
[White "Martin del Campo, Roberto"]
[Black "Gonzalez, Renier"]
[Result "1/2-1/2"]
[WhiteElo "2465"]
[BlackElo "2385"]

1.e4 c5 2.Nc3 Nc6 3.Nge2 e5 4.Nd5 d6 5.Nec3 Be6 6.Bc4 Be7 7.O-O Nf6 8.d3 O-O
9.f4 exf4 10.Bxf4 Nxd5 11.Nxd5 Bxd5 12.Bxd5 Bf6 13.c3 Ne7 14.Bb3 b5 15.Kh1 a5
16.a4 b4 17.Rc1 bxc3 18.bxc3 Ng6 19.Be3 Rb8 20.Bd5 Rb2 21.Qh5 Nh4 22.Bf2 Ng6
23.Be3 Nh4 24.Bf2 Ng6 25.Be3  1/2-1/2

[Event "Capablanca 32th Premier-B"]
[Site "Cienfuegos"]
[Date "1997.??.??"]
[Round "5"]
[White "Galego, Luis"]
[Black "Pupo, Emilio"]
[Result "1-0"]
[WhiteElo "2475"]
[BlackElo "2410"]

1.e4 c5 2.Ne2 Nc6 3.Nbc3 g6 4.g3 Bg7 5.Bg2 d6 6.O-O e6 7.d3 Nge7 8.Be3 Nd4
9.Rb1 O-O 10.a3 Rb8 11.b4 b6 12.Qd2 Bb7 13.Rfc1 Qd7 14.Bh6 Bxh6 15.Qxh6 f5
16.Nxd4 cxd4 17.Ne2 e5 18.c4 dxc3 19.Nxc3 Rbc8 20.Qd2 Rcd8 21.d4 fxe4 22.dxe5 d5
23.Qa2 Kh8 24.e6 Qd6 25.Qa1 Kg8 26.Nb5 Qxe6 27.Rc7 Ba6 28.Nd4 Qf6 29.b5 Bc8
30.f3 Rd6 31.Rxa7 exf3 32.Nxf3 d4 33.Nxd4 Qf2+ 34.Kh1 Bd7 35.Rxd7 Rxd7 36.Ne6 Nf5
37.Rb2 Qe3 38.Nxf8 Kxf8  1-0

[Event "Capablanca mem mixed"]
[Site "Cienfuegos"]
[Date "1997.??.??"]
[Round "7"]
[White "Perdomo, Carlos"]
[Black "Hernandez, Tania"]
[Result "1/2-1/2"]
[WhiteElo "2330"]
[BlackElo "2195"]

1.e4 c5 2.Nf3 Nc6 3.Nc3 g6 4.Bb5 Bg7 5.O-O d6 6.Re1 e5 7.Nd5 Ne7 8.c3 O-O
9.Nxe7+ Qxe7 10.d3 h6 11.Be3 a6 12.Bc4 Kh7 13.h3 Bd7 14.Nd2 Qh4 15.Rf1 Rae8
16.Bd5 b5 17.a4 Ne7 18.axb5 Nxd5 19.exd5 axb5 20.Ra6 Bf5 21.Qe2 Qe7 22.Rfa1 Rb8
23.R6a5 Rfd8 24.b4 Qb7 25.g4 Bc8 26.Qf3 Qd7 27.Ra7 Rb7 28.Rxb7 Bxb7 29.bxc5 dxc5
30.c4 bxc4 31.dxc4 f5 32.gxf5 gxf5 33.Ra7 Rg8 34.Kh1 Bf8 35.Nb3 Kh8 36.Ra1 e4
37.Qf4 Qg7 38.Qxh6+ Qxh6 39.Bxh6 Bxh6 40.Nxc5 Bc8 41.d6 e3 42.d7 Bxd7 43.Nxd7 Bg7
44.Ra2 Rd8 45.fxe3 Rxd7 46.Ra5 Rf7 47.Kg2 Kh7 48.Kf3 Bh6 49.Re5 Kg7 50.c5 Kf6
51.Rd5 Re7 52.Rd3 Ke5  1/2-1/2

[Event "Cseppko op"]
[Site "Cseppko"]
[Date "1997.??.??"]
[Round "2"]
[White "Cynolter Bognarne, Erzsebet"]
[Black "Turzo, Attila"]
[Result "0-1"]
[WhiteElo "2165"]
[BlackElo "2370"]

1.e4 c5 2.Nc3 Nc6 3.Nf3 e5 4.g3 g6 5.d3 Bg7 6.Bg2 Nge7 7.O-O O-O 8.Be3 d6
9.Qd2 Nd4 10.Ne2 Bg4 11.Nexd4 cxd4 12.Bh6 Rc8 13.Bxg7 Kxg7 14.Ne1 f6 15.Rc1 Be6
16.c4 dxc3 17.bxc3 d5 18.exd5 Bxd5 19.Bxd5 Qxd5 20.c4 Qd6 21.Ng2 Rfd8 22.Rfd1 Rd7
23.Ne3 Rcd8 24.Qc3 Qe6 25.Rb1 Nc6 26.Kg2 Nd4 27.Qe1 f5 28.f3 f4 29.Nd5 fxg3
30.hxg3 Rf8 31.f4 exf4 32.Nxf4 Qc6+ 33.Qe4 Re8 34.Qxc6 bxc6 35.Re1 Rde7 36.Kf2 g5
37.Nh5+ Kg6 38.g4 Rxe1 39.Rxe1 Rxe1 40.Kxe1 Nf3+ 41.Ke2 Ne5 42.d4 Nxg4 43.Ng3 Nf6
44.Kf3 h5 45.Nf1 Kf5 46.Ne3+ Ke6 47.a4 h4 48.a5 h3 49.Nf1 Kf5 50.Ng3+ Kg6
51.Nf1 Kf5 52.Ne3+ Ke6 53.Kg3 g4 54.Kh2 c5 55.dxc5 Kd7 56.Nd5 Ng8 57.Nb4 Nh6
58.a6 Nf5 59.Nd3 Kc7 60.Ne5 Ne3 61.Kg3 Nf1+ 62.Kf2 h2 63.Kg2 g3 64.Kh1 Ne3
65.Nc6 g2+ 66.Kxh2 Kxc6 67.Kg1 Kxc5  0-1

[Event "Matanzas op"]
[Site "Cuba"]
[Date "1997.??.??"]
[Round "4"]
[White "Bosch, Jaqueline"]
[Black "Cruz, Liset"]
[Result "1/2-1/2"]
[WhiteElo "2020"]
[BlackElo "2040"]

1.e4 c5 2.Nf3 Nc6 3.Nc3 a6 4.d4 cxd4 5.Nxd4 e5 6.Nde2 Bb4 7.g3 Nf6 8.Bg2 O-O
9.O-O h6 10.h3 d6 11.Nd5 Nxd5 12.Qxd5 Be6 13.Qd3 Rc8 14.a3 Ba5 15.Rd1 Qf6
16.Be3 Rfd8 17.b4 Bc7 18.c4 Bb8 19.Nc3 Nd4 20.Nd5 Bxd5 21.exd5 Nf5 22.Rac1 Nxe3
23.Qxe3 Qe7 24.Qb6 e4 25.g4 f5 26.gxf5 Rf8 27.Re1 Rxf5 28.Rxe4 Qg5 29.Qe3 Ba7
30.Qxg5 Bxf2+ 31.Kf1 hxg5 32.Ke2 Bg3 33.Rf1 Rxf1 34.Kxf1 Rf8+ 35.Kg1 Bf2+
36.Kh2 Rf4 37.Re6 Rf6 38.Re7 Rf7 39.Re6 Rf6 40.Re7  1/2-1/2

[Event "MSS-ch"]
[Site "CZE"]
[Date "1997.??.??"]
[Round "?"]
[White "Ciprys, M."]
[Black "Krejci, Jakub"]
[Result "0-1"]
[WhiteElo "1850"]
[BlackElo "2125"]

1.e4 c5 2.Nc3 Nc6 3.Nf3 d6 4.d4 cxd4 5.Nxd4 e6 6.Be2 Nf6 7.Be3 Be7 8.O-O O-O
9.Qd2 a6 10.f3 Qc7 11.Rad1 b5 12.a3 Bb7 13.Bd3 Rfd8 14.Qe2 Rac8 15.f4 Na5
16.h3 Nc4 17.Bxc4 Qxc4 18.Qd3 b4 19.axb4 Qxb4 20.e5 dxe5 21.fxe5 Nd7 22.Nf5 exf5
23.Qxf5 Nxe5 24.Qxe5 Rxd1 25.Rxd1 Bf6 26.Qf5 Re8 27.Bc5 Qxb2 28.Nd5 Bxd5
29.Qxd5 Qxc2 30.Qd7 Qxc5+ 31.Kh1 Rd8 32.Qxd8+ Bxd8 33.Rxd8+ Qf8  0-1

[Event "CZE-chT2 9697"]
[Site "CZE"]
[Date "1997.??.??"]
[Round "?"]
[White "Maskova, Jana"]
[Black "Svatos, Jan"]
[Result "1/2-1/2"]
[WhiteElo "2240"]
[BlackElo "2305"]

1.e4 c5 2.Nc3 Nc6 3.Nge2 d6 4.d4 cxd4 5.Nxd4 Nf6 6.Bg5 Qa5 7.Bxf6 gxf6 8.Qd2 h5
9.f4 Bh6 10.g3 Bd7 11.O-O-O Rc8 12.Kb1 Nxd4 13.Qxd4 Qc5 14.Be2 Qxd4 15.Rxd4 f5
16.exf5 Bg7 17.Rc4 Rxc4 18.Bxc4 Bxc3 19.bxc3 Bxf5 20.Bd3 Bg4 21.Be4 Kd7 22.Kb2 f5
23.Bg2 h4 24.Re1 hxg3 25.hxg3 b6 26.Bd5 e5 27.Rh1 Rxh1 28.Bxh1 e4 29.Bg2 Ke6
30.Kc1 e3 31.Bc6 d5 32.Bb5 Kd6 33.a3 Kc5 34.Ba6 d4 35.c4 Bh3 36.Kd1 Bg4+
37.Ke1 d3 38.cxd3 Kd4 39.Bb5 a5 40.a4 Kc3 41.Ba6 Kd4  1/2-1/2

[Event "CZE-chT1b 9697"]
[Site "CZE"]
[Date "1997.??.??"]
[Round "?"]
[White "Kacirek, Petr"]
[Black "Jiruse, Josef"]
[Result "1-0"]
[WhiteElo "2260"]
[BlackElo "2190"]

1.e4 c5 2.Nc3 Nc6 3.Nge2 e6 4.g3 g6 5.d4 d6 6.Bg2 Bg7 7.dxc5 dxc5 8.Qxd8+ Kxd8
9.Be3 b6 10.O-O-O+ Ke7 11.e5 Bb7 12.Bg5+ f6 13.exf6+ Bxf6 14.h4 Na5 15.Bxb7 Nxb7
16.Nf4 Nd8 17.Rhe1 Kf7 18.Rd7+ Be7 19.Ncd5 Ke8 20.Rxe7+ Nxe7 21.Nc7+ Kd7
22.Nxa8 Nec6 23.Rd1+ Kc8 24.Rd6 Re8 25.c3 c4 26.Nxb6+ axb6 27.Bxd8 Nxd8 28.Rxb6 e5
29.Nd5 e4 30.Rb4 Rf8 31.Rxc4+ Kd7 32.Rxe4 Rxf2 33.Rf4 Rg2 34.Nf6+ Kc6 35.Nxh7 Rxg3
36.Kc2 Ne6 37.Re4 Rg2+ 38.Kc1 Nc5 39.Rd4 Ne6 40.Rd2 Rg4  1-0

[Event "CZE-chT1b 9697"]
[Site "CZE"]
[Date "1997.??.??"]
[Round "?"]
[White "Kacirek, Petr"]
[Black "Efler, David"]
[Result "1/2-1/2"]
[WhiteElo "2260"]
[BlackElo "2250"]

1.e4 c5 2.Ne2 Nc6 3.Nbc3 e6 4.g3 d5 5.exd5 exd5 6.Bg2 d4 7.Nd5 Nf6 8.Nef4 Nxd5
9.Nxd5 Bd6 10.d3 O-O 11.O-O Be6  1/2-1/2